Employment law

Bibliographic Details
Main Author: Bell, Andrew C. (Author)
Format: Book
Published: London : Sweet & Matwell , c2004
Edition:2nd ed
Series:Nutcases
Subjects:

MARC

LEADER 00000cam a2200000 7i4500
001 0000002893
005 20150611093000.0
008 021118s2004
020 |a 0421871008 
050 0 0 |a d42 KD3096   |b .B4 2004 
090 0 0 |a d42 KD3096   |b .B4 2004 
100 0 |a Bell, Andrew C. ,   |e author 
245 1 0 |a Employment law   |c Andrew C. Bell 
250 |a 2nd ed 
260 2 |a London :   |b Sweet & Matwell ,   |c c2004 
300 |a xiv, 157 p. ;   |c 22 cm. 
490 1 |a Nutcases 
504 |a Includes index 
650 0 |a Labor laws and legislation   |z Great Britain   |v Cases 
999 |a 1000105331   |b Book   |c OPEN SHELF (30 DAYS)   |e Gong Badak Campus